000 01124nam0a2200313 4500
001 RU\NLR\DIGIT\96116
005 20250613211320.0
035 _a(NLR Aleph) 010152804
090 _a10076063
_c10076063
100 _a20100113d1920 |||y0rusy50 ca
101 _alav
102 _aRU
135 _acomo mmmaaaba
200 1 _aSociālisms
_fV. Friče
_gtulk. Ā. Zarkevičs
210 _a[Pleskava]
_cIzd-ba un sp. «Spartaks»
_d1920
215 _a24 с.
_d17×12
325 _aКопия доступна в Электрон. б-ке РНБ http://vivaldi.nlr.ru/bx000003447/view
541 0 _aСоциализм
_zrus
606 0 _aЛатгальский язык
700 1 _aFriče
_bV.
_4070
702 1 _aЗаркевич
_bА.
_4730
790 1 _aФриче
_bВ.
_4070
801 2 _aRU
_bNLR
_c20100113
_2rusmarc
852 _aNLR
_jЛатыш/2-6604
942 _cBOOK
980 _aNB
981 3 6 _a(36) Цифровой репозиторий РНБ
981 2 3 _a(23) Национальные литературы
_b(23) Книги на национальных языках